Central and South-Eastern Europe 2008 / (Record no. 741237)
[ view plain ]
| 000 -LEADER | |
|---|---|
| fixed length control field | 01059nasaa2200325 a 4500 |
| 001 - CONTROL NUMBER | |
| control field | vtls000930726 |
| 003 - CONTROL NUMBER IDENTIFIER | |
| control field | NLI |
| 005 - DATE AND TIME OF LATEST TRANSACTION | |
| control field | 20210627084321.0 |
| 008 - FIXED-LENGTH DATA ELEMENTS--GENERAL INFORMATION | |
| fixed length control field | 110929c20009999enkb 000 0 eng |
| 020 ## - INTERNATIONAL STANDARD BOOK NUMBER | |
| International Standard Book Number | 9781857434224 |
| Terms of availability | PND400.00 |
| 039 #9 - LEVEL OF BIBLIOGRAPHIC CONTROL AND CODING DETAIL [OBSOLETE] | |
| -- | 201109292010 |
| -- | Entertech_02 |
| 040 ## - CATALOGING SOURCE | |
| Original cataloging agency | NLI |
| Language of cataloging | eng |
| Transcribing agency | Entertech-2011 |
| Description conventions | AACR2 |
| 041 0# - LANGUAGE CODE | |
| Language code of text/sound track or separate title | eng |
| 044 ## - COUNTRY OF PUBLISHING/PRODUCING ENTITY CODE | |
| MARC country code | enk |
| 082 04 - DEWEY DECIMAL CLASSIFICATION NUMBER | |
| Classification number | 943 |
| 245 00 - TITLE STATEMENT | |
| Title | Central and South-Eastern Europe 2008 / |
| Statement of responsibility, etc. | edited by Dominic Heaney |
| 260 ## - PUBLICATION, DISTRIBUTION, ETC. | |
| Place of publication, distribution, etc. | London : |
| Name of publisher, distributor, etc. | Routledge, |
| Date of publication, distribution, etc. | c2000- |
| 300 ## - PHYSICAL DESCRIPTION | |
| Extent | -v. : |
| Other physical details | maps ; |
| Dimensions | 29 cm. |
| 310 ## - CURRENT PUBLICATION FREQUENCY | |
| Current publication frequency | Annual |
| 362 ## - DATES OF PUBLICATION AND/OR SEQUENTIAL DESIGNATION | |
| Dates of publication and/or sequential designation | 2008- |
| 440 #0 - SERIES STATEMENT/ADDED ENTRY--TITLE | |
| Title | Europe regional surveys of the world |
| 9 (RLIN) | 856378 |
| 651 #0 - SUBJECT ADDED ENTRY--GEOGRAPHIC NAME | |
| Geographic name | Balkan Peninsula |
| General subdivision | Economic conditions |
| -- | Periodicals |
| 9 (RLIN) | 857902 |
| 651 #0 - SUBJECT ADDED ENTRY--GEOGRAPHIC NAME | |
| Geographic name | Europe, Central |
| General subdivision | Economic conditions |
| -- | Periodicals |
| 9 (RLIN) | 857903 |
| 651 #0 - SUBJECT ADDED ENTRY--GEOGRAPHIC NAME | |
| Geographic name | Europe, Eastern |
| General subdivision | Politics and government |
| -- | Periodicals |
| 9 (RLIN) | 857904 |
| 700 1# - ADDED ENTRY--PERSONAL NAME | |
| Personal name | Heaney, Dominic, |
| Relationship | edt |
| 9 (RLIN) | 857905 |
| 887 ## - NON-MARC INFORMATION FIELD | |
| Content of non-MARC field | |
| 901 ## - LOCAL DATA ELEMENT A, LDA (RLIN) | |
| a | 71577 : |
| b | 12.02.2008 |
| 902 ## - LOCAL DATA ELEMENT B, LDB (RLIN) | |
| a | R.R. 943 Ce 333 (2008) |
| 942 ## - ADDED ENTRY ELEMENTS (KOHA) | |
| Source of classification or shelving scheme | Dewey Decimal Classification |
| Koha item type | Books |
| Withdrawn status | Lost status | Damaged status | Not for loan | Collection code | Home library | Current library | Shelving location | Date acquired | Total Checkouts | Full call number | Date last seen | Price effective from | Koha item type |
|---|---|---|---|---|---|---|---|---|---|---|---|---|---|
| Reading Room | National Library of India | National Library of India | Reading Room - Main Reading Room | R.R. 943 Ce 333 (2008) | 27/06/2021 | 27/06/2021 | Books |
